00726nam a2200253 a 4500001001300000003000900013005001700022008004100039020002300080082001600103100001700119245003000136260003600166300000900202500003500211505002000246650002300266650001700289700001700306902000800323942000700331952011700338999001700455nice12345678IN_TiNIC20260116013732.0050524s1998 newa grp 000 0 eng  a817304X c45000a954.92bNIA aNiazi, A A K aBetrayal of East Pakistan aNew Delhi bManohar Pub. c1998 a321p aincludes index and biblioraphy2 aAppendix, Index aBangladesh-History aMukti Bahini1 aNiazi, A A K bSRS cBK 001040708StackRoom-aHMIbHMId2007-04-12g450.00l0o954.92 NIAp018453r2007-04-12v450.00w2005-05-24yBK c12223d12223